Magyar Pedagógia. - 106. évf. (2006) 2. sz.
Elmentve itt :
| Dokumentumtípus: | Folyóirat |
|---|---|
| Megjelent: |
2006
|
| Sorozat: | Magyar pedagógia : a Magyar Tudományos Akadémia Pedagógiai Bizottságának folyóirata
106 No. 2 |
| Online Access: | http://misc.bibl.u-szeged.hu/18102 |
| LEADER | 00547nas a2200145 i 4500 | ||
|---|---|---|---|
| 001 | misc18102 | ||
| 005 | 20191106140701.0 | ||
| 008 | 170616s2006 hu o 0|| zxx d | ||
| 022 | |a 0025-0260 | ||
| 040 | |a SZTE Miscellanea Repozitórium |b hun | ||
| 041 | |a zxx | ||
| 245 | 0 | 0 | |a Magyar Pedagógia. - 106. évf. (2006) 2. sz. |h [elektronikus dokumentum] |
| 260 | |c 2006 | ||
| 490 | 0 | |a Magyar pedagógia : a Magyar Tudományos Akadémia Pedagógiai Bizottságának folyóirata |v 106 No. 2 | |
| 856 | 4 | 0 | |u http://misc.bibl.u-szeged.hu/18102/1/mp_2006_002.pdf |z Dokumentum-elérés |